Campeones del futbol paraguayo - Estadísticas

Estadísticas generales
  • Esta prueba ha sido intentada 147 veces
    19 desde el último reinicio
  • La puntuación promedio es 98 de 109
Estadísticas de respuestas
Año Campeón % Correcto
1935 | 1939 | 1940 | +28 others Cerro Porteño
100%
1936 | 1937 | 1938 | +36 others Olimpia
100%
1943 | 1945 | 1955 | +19 others Libertad
87%
1949 | 1964 | 1967 | +4 others Guaraní
73%
1942 | 1946 | 2009-Cl | +2 others Nacional
60%
1951 | 1953 Sportivo Luqueño
33%
1952 Presidente Hayes
27%
1986 | 1991 Sol de America
13%
No se encontraron pruebas coincidentes
Distribución de puntuación
Porcentaje de gente con cada puntuación
Porcentaje por número respondido
Historial de tus puntuaciones
No has intentado esta prueba desde el último reinicio